000 00551cam a2200217 4500
001 B2294
008 090401t1988 xxu||||| |||| 00| 0 eng d
035 _a(Sirsi) u49146
041 _aeng
050 _a333.72
100 _aHenderson, G.
245 _aEnergy efficiency in the housing stock
260 _aGarston,Watford
_bBuilding Research Establishment
_c1988
300 _a(4)p. ; 30cm.
350 _a0
490 _aBRE Information Paper
_v22/88
650 _aBREHOMES
700 _aShorrock, L. D.
942 _n0
948 _c04/03/1997
999 _c92498
_d92498